000 00379nam a2200145Ia 4500
008 230312s9999||||xx |||||||||||||| ||und||
082 _a791.455
_bSCH-C
100 _aSchneider , Cy
245 0 _aChildren's Television
260 _bNTC Business Books
_aUSA
_c1989
300 _a222
546 _aEng.
650 _amass com
_vMatter of Indebteness , Entering Boom Year
942 _cBK
999 _c132
_d132